000 00598nam a2200205 i 4500
003 IT-RoINE
005 20191028050712.0
008 920725s1944 sp r | spa d
040 _aSpMaBN
_bspa
_cA2 IT-RoINE
_dIT-RoINE
100 1 _aHerráiz, Ismael,
_dn. 1913
_963819
245 1 0 _aItalia fuera de combate /
_cIsmael Herráiz.
250 _a12ª ed
260 _aMadrid :
_bAtlas,
_c1944.
300 _a330 p. ;
_c21 cm.
336 _2rdacontent
_atext
337 _2rdamedia
_aunmediated
338 _2rdacarrier
_avolume
650 4 _aGuerra mundial, 1939-1945
_zItalia
_960662
942 _cMTS
999 _c32536
_d32536